00247nam a2200085Ia 4500008004100000100002400041245005800065260002900123300000900152190216s9999||||xx |||||||||||||| ||und|| aSharma & Khanna 0aSuper Guide To Bank Probationary Officers Examination bKumar Publicationsc1984 a246p